Catálogo

LA NEGOCIACION DE MEXICO EN EL GATT. (Registro nro. 3568)

Detalles MARC
000 -LEADER
fixed length control field 00481nam a2200169 a 4500
001 - CONTROL NUMBER
control field 3568
005 - DATE AND TIME OF LATEST TRANSACTION
control field 20180713183503.0
008 - FIXED-LENGTH DATA ELEMENTS--GENERAL INFORMATION
fixed length control field 140415s1989 mx 000 0 spa d
041 ## - LANGUAGE CODE
Language code of text/sound track or separate title spa
082 ## - DEWEY DECIMAL CLASSIFICATION NUMBER
Classification number 382.7
Item number ALV
100 1# - MAIN ENTRY--PERSONAL NAME
Personal name ALVAREZ ARGUELLES, ROBERTO
245 13 - TITLE STATEMENT
Title LA NEGOCIACION DE MEXICO EN EL GATT.
250 ## - EDITION STATEMENT
Edition statement 2A ED.
260 ## - PUBLICATION, DISTRIBUTION, ETC.
Place of publication, distribution, etc. MEXICO :
Name of publisher, distributor, etc. INSTITUTO MEXICANO DE CONTADORES PUBLICOS,
Date of publication, distribution, etc. 1989.
300 ## - PHYSICAL DESCRIPTION
Extent 125.
650 14 - SUBJECT ADDED ENTRY--TOPICAL TERM
Topical term or geographic name entry element ARANCELES DE ADUANA
General subdivision MEXICO
Existencias
Withdrawn status Lost status Source of classification or shelving scheme Damaged status Not for loan Home library Current library Shelving location Date acquired Source of acquisition Total Checkouts Full call number Barcode Price effective from Koha item type Collection code Inventory number Date last seen Date last checked out
  Extraviado Dewey Decimal Classification     Biblioteca Karol Wojtyla Biblioteca Karol Wojtyla   03/12/2013 Compra   382.7 ALV 14776 03/12/2013 Libro        
    Dewey Decimal Classification     Biblioteca Karol Wojtyla Biblioteca Karol Wojtyla Sala general 03/12/2013 Compra   382.7 ALV 14774 18/02/2016 Libro General 151000000000000000044836 05/01/2026  
    Dewey Decimal Classification     Biblioteca Karol Wojtyla Biblioteca Karol Wojtyla Sala general 03/12/2013 Compra 1 382.7 ALV 14775 18/02/2016 Libro General 151000000000000000044837 05/01/2026 07/03/2019